Football : les champions de serie A - Statistiques

Statistiques générales
  • Ce quiz a été pris 432 fois
  • Le résultat moyen est 23 sur 24
Statistiques - réponses
Année Club % Correct
2024 Inter
100%
2021 Inter
100%
2010 Inter
100%
2009 Inter
100%
2008 Inter
100%
2007 Inter
100%
2006 Inter
100%
2022 Ac Milan
99%
2011 Ac Milan
99%
2004 Ac Milan
99%
2020 Juventus
99%
2019 Juventus
99%
2018 Juventus
99%
2017 Juventus
99%
2016 Juventus
99%
2015 Juventus
99%
2014 Juventus
99%
2013 Juventus
99%
2012 Juventus
99%
2003 Juventus
99%
2002 Juventus
99%
2023 Naples
97%
2000 Lazio
84%
2001 As Roma
70%
Aucun quiz correspondant
Distribution des résultats
% des personnes avec chaque résultat
Percentile par nombre de réponses
Votre historique - résultats
Vous n’avez pas pris ce quiz